Object -Oriented Programming in C++ \ (Record no. 527592)
[ view plain ]
| 000 -LEADER | |
|---|---|
| fixed length control field | 00388nam a22001457a 4500 |
| 020 ## - INTERNATIONAL STANDARD BOOK NUMBER | |
| International Standard Book Number | 9788131722824 |
| Qualifying information | PB |
| 040 ## - CATALOGING SOURCE | |
| Transcribing agency | NUST |
| Modifying agency | NUST |
| 082 ## - DEWEY DECIMAL CLASSIFICATION NUMBER | |
| Classification number | 005.133 |
| Author Mark | LAF |
| 100 ## - MAIN ENTRY--PERSONAL NAME | |
| Personal name | Lafore , Robert |
| 9 (RLIN) | 10251 |
| 245 ## - TITLE STATEMENT | |
| Title | Object -Oriented Programming in C++ \ |
| Statement of responsibility, etc. | Robert Lafore . |
| 250 ## - EDITION STATEMENT | |
| Edition statement | 4th ed. |
| 260 ## - PUBLICATION, DISTRIBUTION, ETC. | |
| Place of publication, distribution, etc. | New Delhi , ; |
| Name of publisher, distributor, etc. | Pearson , |
| Date of publication, distribution, etc. | 2018. |
| 300 ## - PHYSICAL DESCRIPTION | |
| Extent | 1012 p. ; |
| Other physical details | 23 cm. |
| 942 ## - ADDED ENTRY ELEMENTS (KOHA) | |
| Source of classification or shelving scheme | |
| Koha item type | Book |
| Withdrawn status | Lost status | Source of classification or shelving scheme | Damaged status | Not for loan | Permanent Location | Current Location | Shelving location | Date acquired | Full call number | Barcode | Date last seen | Price effective from | Koha item type | Public note |
|---|---|---|---|---|---|---|---|---|---|---|---|---|---|---|
| School of Mechanical & Manufacturing Engineering (SMME) | School of Mechanical & Manufacturing Engineering (SMME) | General Stacks | 07/31/2019 | 005.133 LAF | SMME-3446 | 07/31/2019 | 07/31/2019 | Book | Rack,51-Shelf,2 |
